Größte Städte Deutschlands am Rhein - Statistiken

Allgemein
  • Dieses Quiz wurde 682 mal gespielt
    97 seit der letzten Aktualisierung
  • Das Durchschnittsergebnis liegt bei 12 aus 19
Antwortstatistiken
Einwohner Bundesland Stadt % Korrekt
1.087.863 Nordrhein-Westfalen Köln
100%
621.877 Nordrhein-Westfalen Düsseldorf
98%
498.686 Nordrhein-Westfalen Duisburg
89%
329.673 Nordrhein-Westfalen Bonn
85%
218.578 Rheinland-Pfalz Mainz
85%
310.658 Baden-Württemberg Mannheim
80%
114.052 Rheinland-Pfalz Koblenz
79%
312.060 Baden-Württemberg Karlsruhe
78%
278.474 Hessen Wiesbaden
77%
163.729 Nordrhein-Westfalen Leverkusen
74%
172.253 Rheinland-Pfalz Ludwigshafen am Rhein
70%
153.896 Nordrhein-Westfalen Neuss
61%
227.417 Nordrhein-Westfalen Krefeld
60%
83.542 Rheinland-Pfalz Worms
47%
84.911 Baden-Württemberg Konstanz
39%
64.765 Rheinland-Pfalz Neuwied
37%
64.340 Nordrhein-Westfalen Dormagen
26%
67.373 Nordrhein-Westfalen Dinslaken
21%
61.283 Baden-Württemberg Friedrichshafen
20%
Keine übereinstimmenden Quizze gefunden
Verteilung der Resultate
Anzahl Personen mit jedem Resultat
Perzentil nach korrekt beantworteten Fragen
Ihre Resultats-Entwicklung
Sie haben dieses Quiz seit der letzten Aktualisierung nicht gespielt